{"text_format":"3","workbook":"xlsx","n_sheets":1,"sheets":["t643"],"read":"whole","date_system":"1900"}

{"sheet":"t643","index":0,"n_rows":155,"n_cols":7,"rows_kept":155,"merged":[[0,0,0,6],[30,0,30,5],[42,0,42,5],[139,0,139,5]]}
["TABELA 643.1 - Estatísticas Agrícolas, Município de Nantes, Estado de São Paulo, 2007/08."]
["ITEM","UNIDADE","N.DE UPAs","MÍNIMO","MÉDIO","MÁXIMO","TOTAL"]
["Distância à sede do município","km",136,0.1,{"v":8.11,"d":"8.1"},{"v":28,"d":"28.0"},"-"]
["Área total","hectare",136,1.5,{"v":174.45,"d":"174.5"},{"v":2257.8,"d":"2,257.8"},{"v":23724.8,"d":"23,724.8"}]
["Área com cultura perene","hectare",7,0.2,{"v":19.13,"d":"19.1"},126.6,133.9]
["Área com cultura temporária","hectare",84,0.5,{"v":122.84,"d":"122.8"},{"v":2126.5,"d":"2,126.5"},{"v":10318.2,"d":"10,318.2"}]
["Área com pastagem","hectare",82,0.6,137.1,{"v":1086.8,"d":"1,086.8"},{"v":11242.3,"d":"11,242.3"}]
["Área com reflorestamento","hectare",5,0.2,4.9,{"v":15,"d":"15.0"},24.5]
["Área com vegetação natural","hectare",66,0.2,{"v":25.49,"d":"25.5"},{"v":272,"d":"272.0"},{"v":1682.5,"d":"1,682.5"}]
["Área com vegetação de brejo e várzea","hectare",5,0.8,{"v":5.36,"d":"5.4"},{"v":20,"d":"20.0"},26.8]
["Área em descanso","hectare",10,0.3,10.7,{"v":40,"d":"40.0"},{"v":107,"d":"107.0"}]
["Área complementar","hectare",94,0.1,{"v":2.02,"d":"2.0"},{"v":20,"d":"20.0"},189.6]
["Área das UPAs com (0, 1] ha","hectare","-","-","-","-","-"]
["Área das UPAs com (1, 2] ha","hectare",3,1.5,{"v":1.67,"d":"1.7"},{"v":2,"d":"2.0"},{"v":5,"d":"5.0"}]
["Área das UPAs com (2, 5] ha","hectare",8,2.4,3.4,4.8,27.2]
["Área das UPAs com (5, 10] ha","hectare",11,{"v":6,"d":"6.0"},{"v":7.79,"d":"7.8"},9.7,85.7]
["Área das UPAs com (10, 20] ha","hectare",19,10.3,{"v":14.72,"d":"14.7"},19.4,279.7]
["Área das UPAs com (20, 50] ha","hectare",39,20.5,{"v":32.95,"d":"33.0"},{"v":48,"d":"48.0"},{"v":1284.9,"d":"1,284.9"}]
["Área das UPAs com (50, 100] ha","hectare",21,52.5,{"v":71.72,"d":"71.7"},96.8,{"v":1506.1,"d":"1,506.1"}]
["Área das UPAs com (100, 200] ha","hectare",7,{"v":104,"d":"104.0"},{"v":149.26,"d":"149.3"},199.6,{"v":1044.8,"d":"1,044.8"}]
["Área das UPAs com (200, 500] ha","hectare",11,222.9,{"v":311.61,"d":"311.6"},{"v":484,"d":"484.0"},{"v":3427.7,"d":"3,427.7"}]
["Área das UPAs com (500, 1.000] ha","hectare",10,{"v":501,"d":"501.0"},{"v":657.18,"d":"657.2"},{"v":898,"d":"898.0"},{"v":6571.8,"d":"6,571.8"}]
["Área das UPAs com (1.000, 2.000] ha","hectare",6,{"v":1009,"d":"1,009.0"},{"v":1205.68,"d":"1,205.7"},{"v":1521.5,"d":"1,521.5"},{"v":7234.1,"d":"7,234.1"}]
["Área das UPAs com (2.000, 5.000] ha","hectare",1,{"v":2257.8,"d":"2,257.8"},{"v":2257.8,"d":"2,257.8"},{"v":2257.8,"d":"2,257.8"},{"v":2257.8,"d":"2,257.8"}]
["Área das UPAs com (5.000, 10.000] ha","hectare","-","-","-","-","-"]
["Área das UPAs acima de 10.000 ha","hectare","-","-","-","-","-"]
["Familiares do proprietário que trabalham na UPA","unidade",131,{"v":1,"d":"1.0"},{"v":1.66,"d":"1.7"},{"v":6,"d":"6.0"},{"v":217,"d":"217.0"}]
["Trabalhadores permanentes","unidade",39,{"v":1,"d":"1.0"},{"v":4,"d":"4.0"},{"v":40,"d":"40.0"},{"v":156,"d":"156.0"}]
["Fonte: Secretaria de Agricultura e Abastecimento, CDRS/IEA, Projeto LUPA."]
[]
["TABELA 643.2 - Explorações Animais, Município de Nantes, Estado de São Paulo, 2007/08."]
["ITEM","UNIDADE","N.DE UPAs","MÍNIMO","MÉDIO","MÁXIMO","TOTAL"]
["Apicultura","colmeias",1,{"v":50,"d":"50.0"},{"v":50,"d":"50.0"},{"v":50,"d":"50.0"},{"v":50,"d":"50.0"}]
["Bovinocultura de Corte","cabeças",20,{"v":28,"d":"28.0"},{"v":842.75,"d":"842.8"},{"v":5000,"d":"5,000.0"},{"v":16855,"d":"16,855.0"}]
["Bovinocultura Leiteira","cabeças",8,{"v":2,"d":"2.0"},{"v":33.75,"d":"33.8"},{"v":180,"d":"180.0"},{"v":270,"d":"270.0"}]
["Bovinocultura Mista","cabeças",46,{"v":8,"d":"8.0"},{"v":143.04,"d":"143.0"},{"v":1300,"d":"1,300.0"},{"v":6580,"d":"6,580.0"}]
["Caprinocultura","cabeças",3,{"v":12,"d":"12.0"},{"v":20.67,"d":"20.7"},{"v":30,"d":"30.0"},{"v":62,"d":"62.0"}]
["Equinocultura","cabeças",48,{"v":1,"d":"1.0"},{"v":5.81,"d":"5.8"},{"v":40,"d":"40.0"},{"v":279,"d":"279.0"}]
["Ovinocultura","cabeças",4,{"v":15,"d":"15.0"},{"v":36.25,"d":"36.3"},{"v":90,"d":"90.0"},{"v":145,"d":"145.0"}]
["Suinocultura","cabeças",5,{"v":2,"d":"2.0"},12.2,{"v":30,"d":"30.0"},{"v":61,"d":"61.0"}]
["Fonte: Secretaria de Agricultura e Abastecimento, CDRS/IEA, Projeto LUPA."]
[]
["TABELA 643.3 -  Máquinas, Implementos e Benfeitorias, Município de Nantes, Estado de São Paulo, 2007/08."]
["ITEM","UNIDADE","N.DE UPAs","MÍNIMO","MÉDIO","MÁXIMO","TOTAL"]
["Arado Comum (Bacia, Aiveca)","Unidade",18,{"v":1,"d":"1.0"},{"v":1.22,"d":"1.2"},{"v":2,"d":"2.0"},{"v":22,"d":"22.0"}]
["Arado Escarificador","Unidade",11,{"v":1,"d":"1.0"},{"v":1.18,"d":"1.2"},{"v":2,"d":"2.0"},{"v":13,"d":"13.0"}]
["Arado Subsolador","Unidade",6,{"v":1,"d":"1.0"},1.5,{"v":2,"d":"2.0"},{"v":9,"d":"9.0"}]
["Batedeira de Cereais","Unidade",2,{"v":1,"d":"1.0"},{"v":1,"d":"1.0"},{"v":1,"d":"1.0"},{"v":2,"d":"2.0"}]
["Colhedeira Acoplada","Unidade",3,{"v":1,"d":"1.0"},{"v":2,"d":"2.0"},{"v":3,"d":"3.0"},{"v":6,"d":"6.0"}]
["Colhedeira Automotriz","Unidade",2,{"v":1,"d":"1.0"},{"v":1,"d":"1.0"},{"v":1,"d":"1.0"},{"v":2,"d":"2.0"}]
["Conj.Irrigação Autopropelido","Unidade",1,{"v":1,"d":"1.0"},{"v":1,"d":"1.0"},{"v":1,"d":"1.0"},{"v":1,"d":"1.0"}]
["Conj.Irrigação Convencional","Unidade",1,{"v":1,"d":"1.0"},{"v":1,"d":"1.0"},{"v":1,"d":"1.0"},{"v":1,"d":"1.0"}]
["Conj.Irrigação/Gotejamento/Microaspersão","Unidade",1,{"v":2,"d":"2.0"},{"v":2,"d":"2.0"},{"v":2,"d":"2.0"},{"v":2,"d":"2.0"}]
["Conjunto de Fenação","Unidade",3,{"v":1,"d":"1.0"},{"v":1,"d":"1.0"},{"v":1,"d":"1.0"},{"v":3,"d":"3.0"}]
["Desintegrador de Palha (Plantio Direto)","Unidade",1,{"v":1,"d":"1.0"},{"v":1,"d":"1.0"},{"v":1,"d":"1.0"},{"v":1,"d":"1.0"}]
["Desintegrador, Picador, Triturador","Unidade",23,{"v":1,"d":"1.0"},{"v":1.09,"d":"1.1"},{"v":2,"d":"2.0"},{"v":25,"d":"25.0"}]
["Distribuidor de Calcário","Unidade",9,{"v":1,"d":"1.0"},{"v":1,"d":"1.0"},{"v":1,"d":"1.0"},{"v":9,"d":"9.0"}]
["Ensiladeira","Unidade",5,{"v":1,"d":"1.0"},1.8,{"v":2,"d":"2.0"},{"v":9,"d":"9.0"}]
["Grade Aradora (Tipo Romi)","Unidade",24,{"v":1,"d":"1.0"},{"v":1.42,"d":"1.4"},{"v":4,"d":"4.0"},{"v":34,"d":"34.0"}]
["Grade Niveladora","Unidade",25,{"v":1,"d":"1.0"},{"v":1.44,"d":"1.4"},{"v":3,"d":"3.0"},{"v":36,"d":"36.0"}]
["Implementos para Tração Animal","Unidade",5,{"v":1,"d":"1.0"},{"v":2,"d":"2.0"},{"v":3,"d":"3.0"},{"v":10,"d":"10.0"}]
["Misturador de Ração","Unidade",6,{"v":1,"d":"1.0"},{"v":1.17,"d":"1.2"},{"v":2,"d":"2.0"},{"v":7,"d":"7.0"}]
["Ordenhadeira Mecânica","Unidade",1,{"v":1,"d":"1.0"},{"v":1,"d":"1.0"},{"v":1,"d":"1.0"},{"v":1,"d":"1.0"}]
["Pulverizador Tratorizado","Unidade",20,{"v":1,"d":"1.0"},1.5,{"v":7,"d":"7.0"},{"v":30,"d":"30.0"}]
["Resfriador de Leite, Tanque Expansão","Unidade",2,{"v":1,"d":"1.0"},{"v":1,"d":"1.0"},{"v":1,"d":"1.0"},{"v":2,"d":"2.0"}]
["Semeadeira/Adubadeira para Plantio Convencional","Unidade",5,{"v":1,"d":"1.0"},1.6,{"v":3,"d":"3.0"},{"v":8,"d":"8.0"}]
["Semeadeira/Plantadeira Plantio Direto","Unidade",12,{"v":1,"d":"1.0"},{"v":1.25,"d":"1.3"},{"v":3,"d":"3.0"},{"v":15,"d":"15.0"}]
["Terraceador","Unidade",6,{"v":1,"d":"1.0"},{"v":1,"d":"1.0"},{"v":1,"d":"1.0"},{"v":6,"d":"6.0"}]
["Trator de Esteiras","Unidade",1,{"v":1,"d":"1.0"},{"v":1,"d":"1.0"},{"v":1,"d":"1.0"},{"v":1,"d":"1.0"}]
["Trator de Pneus","Unidade",33,{"v":1,"d":"1.0"},{"v":2.03,"d":"2.0"},{"v":9,"d":"9.0"},{"v":67,"d":"67.0"}]
["Açude/Represa","Unidade",34,{"v":1,"d":"1.0"},{"v":1.74,"d":"1.7"},{"v":4,"d":"4.0"},{"v":59,"d":"59.0"}]
["Almoxarifado/Oficina","Unidade",9,{"v":1,"d":"1.0"},{"v":1.11,"d":"1.1"},{"v":2,"d":"2.0"},{"v":10,"d":"10.0"}]
["Armazém para Grãos Ensacados","Sacas",2,{"v":1,"d":"1.0"},{"v":20003,"d":"20,003.0"},{"v":40005,"d":"40,005.0"},{"v":40006,"d":"40,006.0"}]
["Balança para Bovinos","Unidade",14,{"v":1,"d":"1.0"},{"v":1.07,"d":"1.1"},{"v":2,"d":"2.0"},{"v":15,"d":"15.0"}]
["Balança para Veículos","Unidade",1,{"v":1,"d":"1.0"},{"v":1,"d":"1.0"},{"v":1,"d":"1.0"},{"v":1,"d":"1.0"}]
["Barracão/Galpão/Garagem","Unidade",30,{"v":1,"d":"1.0"},{"v":1.27,"d":"1.3"},{"v":4,"d":"4.0"},{"v":38,"d":"38.0"}]
["Casa de Moradia Habitada","Unidade",61,{"v":1,"d":"1.0"},{"v":2.57,"d":"2.6"},{"v":41,"d":"41.0"},{"v":157,"d":"157.0"}]
["Casa de Moradia Total","Unidade",79,{"v":1,"d":"1.0"},{"v":3.19,"d":"3.2"},{"v":41,"d":"41.0"},{"v":252,"d":"252.0"}]
["Curral/Mangueira","Unidade",73,{"v":1,"d":"1.0"},{"v":1.03,"d":"1.0"},{"v":2,"d":"2.0"},{"v":75,"d":"75.0"}]
["Depósito/Tulha","Unidade",54,{"v":1,"d":"1.0"},{"v":1.07,"d":"1.1"},{"v":2,"d":"2.0"},{"v":58,"d":"58.0"}]
["Fábrica de Ração","Unidade",1,{"v":1,"d":"1.0"},{"v":1,"d":"1.0"},{"v":1,"d":"1.0"},{"v":1,"d":"1.0"}]
["Máquina de Benefício","Unidade",1,{"v":1,"d":"1.0"},{"v":1,"d":"1.0"},{"v":1,"d":"1.0"},{"v":1,"d":"1.0"}]
["Pocilga","Unidade",3,{"v":1,"d":"1.0"},{"v":1,"d":"1.0"},{"v":1,"d":"1.0"},{"v":3,"d":"3.0"}]
["Poço Semi-Artesiano","Unidade",16,{"v":1,"d":"1.0"},{"v":1,"d":"1.0"},{"v":1,"d":"1.0"},{"v":16,"d":"16.0"}]
["Secador de Grãos","Unidade",1,{"v":1,"d":"1.0"},{"v":1,"d":"1.0"},{"v":1,"d":"1.0"},{"v":1,"d":"1.0"}]
["Silo para Grãos","t",2,{"v":1,"d":"1.0"},{"v":2,"d":"2.0"},{"v":3,"d":"3.0"},{"v":4,"d":"4.0"}]
["Silo para Silagem","t",2,{"v":4,"d":"4.0"},{"v":402,"d":"402.0"},{"v":800,"d":"800.0"},{"v":804,"d":"804.0"}]
["Terreiro","m²",1,{"v":10,"d":"10.0"},{"v":10,"d":"10.0"},{"v":10,"d":"10.0"},{"v":10,"d":"10.0"}]
["Fonte: Secretaria de Agricultura e Abastecimento, CDRS/IEA, Projeto LUPA."]
[]
["TABELA 643.4 - Outras Estatísticas Agrícolas, Município de Nantes, Estado de São Paulo, 2007/08."]
["ITEM","Número de UPAs",null,"Percentual"]
["Faz Parte de Associação de Produtores",63,null,{"v":46.3235294117647,"d":"46.3"}]
["Faz Parte de Cooperativa de Produtores",72,null,{"v":52.94117647058824,"d":"52.9"}]
["Faz Parte do Sindicato de Produtores",39,null,{"v":28.676470588235293,"d":"28.7"}]
["Não utiliza assistência técnica ",25,null,{"v":18.38235294117647,"d":"18.4"}]
["Utiliza somente assistência técnica governamental ",11,null,{"v":8.088235294117647,"d":"8.1"}]
["Utiliza somente assistência técnica privada ",20,null,{"v":14.705882352941176,"d":"14.7"}]
["Utiliza assistência técnica tanto governamental quanto privada",80,null,{"v":58.82352941176471,"d":"58.8"}]
["Utiliza Crédito Rural",13,null,{"v":9.558823529411764,"d":"9.6"}]
["Utiliza Seguro Rural",10,null,{"v":7.352941176470589,"d":"7.4"}]
["Utiliza Escrituração Agrícola",131,null,{"v":96.3235294117647,"d":"96.3"}]
["Acessa Internet p/ Fins na Agropecuária",12,null,{"v":8.823529411764707,"d":"8.8"}]
["Utiliza Computador nas Atividades Agropecuárias",15,null,{"v":11.029411764705882,"d":"11.0"}]
["Utiliza Energia Elétrica Para Uso na Atividade Agrícola",98,null,{"v":72.05882352941177,"d":"72.1"}]
["Realiza Análise de Solo, quando necessário",124,null,{"v":91.17647058823529,"d":"91.2"}]
["Utiliza Práticas de Conservação de Solo, quando necessário",120,null,{"v":88.23529411764706,"d":"88.2"}]
["Faz Adubação Mineral, quando necessário",109,null,{"v":80.1470588235294,"d":"80.1"}]
["Faz Adubação Orgânica, quando necessário",14,null,{"v":10.294117647058822,"d":"10.3"}]
["Faz Adubação Verde, quando necessário",2,null,{"v":1.4705882352941178,"d":"1.5"}]
["Utiliza Manejo Integrado de Pragas (MIP)","-",null,"-"]
["Utiliza Hidroponia","-",null,"-"]
["Utiliza Plasticultura","-",null,"-"]
["Utiliza Mudas Fiscalizadas",7,null,{"v":5.147058823529412,"d":"5.1"}]
["Utiliza Semente Melhorada",72,null,{"v":52.94117647058824,"d":"52.9"}]
["Faz Confinamento de Bovinos",2,null,{"v":1.4705882352941178,"d":"1.5"}]
["Utiliza Pastejo Intensivo",68,null,{"v":50,"d":"50.0"}]
["Faz Inseminação Artificial",1,null,{"v":0.7352941176470589,"d":"0.7"}]
["Faz Mineralização do Rebanho",72,null,{"v":52.94117647058824,"d":"52.9"}]
["Faz Vermifugação do Rebanho",72,null,{"v":52.94117647058824,"d":"52.9"}]
["Possui Parceiros /Arrendatários na Exploração Animal",53,null,{"v":38.970588235294116,"d":"39.0"}]
["Esporte e lazer",4,null,{"v":2.9411764705882355,"d":"2.9"}]
["Extração mineral","-",null,"-"]
["Hotel Fazenda, Pousada ou SPA","-",null,"-"]
["Pesque-pague","-",null,"-"]
["Restaurante ou Lanchonete","-",null,"-"]
["Transformação artesanal","-",null,"-"]
["Turismo rural ou ecoturismo","-",null,"-"]
["Outras atividades econômicas rurais","-",null,"-"]
["Agroindústria","-",null,"-"]
["Proprietário sem instrução ou com instrução incompleta",9,null,{"v":6.61764705882353,"d":"6.6"}]
["Proprietário com antigo primário completo",36,null,{"v":26.47058823529412,"d":"26.5"}]
["Proprietário com 1° grau (ou antigo ginasial) completo",20,null,{"v":14.705882352941178,"d":"14.7"}]
["Proprietário com 2° grau (ou antigo colegial) completo",17,null,12.5]
["Proprietário com curso superior completo ",48,null,{"v":35.294117647058826,"d":"35.3"}]
["Pessoa Jurídica",6,null,{"v":4.411764705882353,"d":"4.4"}]
["Proprietário residente na própria UPA ",12,null,{"v":8.823529411764707,"d":"8.8"}]
["Fonte: Secretaria de Agricultura e Abastecimento, CDRS/IEA, Projeto LUPA."]
[]
["TABELA 643.5 - Área Cultivada, Município de Nantes, Estado de São Paulo, 2007/08."]
["CULTURA","N.DE UPAs","MÍNIMO","MÉDIO","MÁXIMO","TOTAL"]
["Braquiaria",82,0.6,133.7,{"v":1086.8,"d":"1,086.8"},{"v":10963.3,"d":"10,963.3"}]
["Cana-de-acucar",30,{"v":1,"d":"1.0"},{"v":187.58,"d":"187.6"},{"v":2126.5,"d":"2,126.5"},{"v":5627.3,"d":"5,627.3"}]
["Milho",59,0.5,{"v":77.43,"d":"77.4"},866.5,{"v":4568.3,"d":"4,568.3"}]
["Soja",50,1.5,{"v":87.44,"d":"87.4"},866.5,{"v":4371.9,"d":"4,371.9"}]
["Coloniao",1,{"v":243,"d":"243.0"},{"v":243,"d":"243.0"},{"v":243,"d":"243.0"},{"v":243,"d":"243.0"}]
["Cafe",4,0.5,{"v":33,"d":"33.0"},126.6,{"v":132,"d":"132.0"}]
["Sorgo",2,{"v":25,"d":"25.0"},37.5,{"v":50,"d":"50.0"},{"v":75,"d":"75.0"}]
["Mandioca",1,72.6,72.6,72.6,72.6]
["Setaria",1,{"v":36,"d":"36.0"},{"v":36,"d":"36.0"},{"v":36,"d":"36.0"},{"v":36,"d":"36.0"}]
["Eucalipto",3,1.3,7.1,{"v":15,"d":"15.0"},21.3]
["Outras florestais",2,0.2,1.6,{"v":3,"d":"3.0"},3.2]
["Coco-da-baia",1,1.2,1.2,1.2,1.2]
["Pomar domestico",2,0.2,{"v":0.35,"d":"0.4"},0.5,0.7]
["Fonte: Secretaria de Agricultura e Abastecimento, CDRS/IEA, Projeto LUPA."]